[Event "2nd Irena Warakomska Memorial-A"]
[Site "Suwalki"]
[Date "2018.08.03"]
[Round "3"]
[White "Kashlinskaya, Alina"]
[Black "Bukojemski, Adam"]
[Result "1-0"]
[WhiteElo "2440"]
[BlackElo "2233"]
[Annotator "NA"]
[PlyCount "89"]
[EventDate "2018.08.01"]
[EventType "swiss"]
[EventCountry "POL"]
[SourceTitle "playchess.com"]
[Source "ChessBase"]
[SourceQuality "1"]
[TimeControl "40/5400+30:1800+30"]

1. d4 {[%emt 0:00:00]} Nf6 {[%emt 0:04:13]} 2. c4 {[%emt 0:00:00]} g6 {[%emt 0:00:12]} 3. Nc3 {[%emt 0:00:00]} d5 {[%emt 0:00:15]} 4. cxd5 {[%emt 0:00:00]} Nxd5 {[%emt 0:00:04]} 5. Bd2 {[%emt 0:00:03]} Bg7 {[%emt 0:03:09]} 6. e4 {[%emt 0:00:14]} Nxc3 {[%emt 0:01:37]} 7. Bxc3 {[%emt 0:00:11]} Nc6 {[%emt 0:05:15]} 8. d5 {[%emt 0:08:18]} Bxc3+ {[%emt 0:01:15]} 9. bxc3 {[%emt 0:00:06]} Na5 {[%emt 0:00:20]} 10. Qd2 {[%emt 0:06:47]} c6 {[%emt 0:02:28]} 11. c4 {[%emt 0:03:38]} b5 {[%emt 0:01:12]} 12. cxb5 {[%emt 0:01:56]} cxd5 {[%emt 0:00:08]} 13. exd5 {[%emt 0:00:29]} Bb7 {[%emt 0:01:44]} 14. Rd1 {[%emt 0:00:48]} Rc8 {[%emt 0:01:21]} 15. Nf3 {[%emt 0:06:37]} f6 {[%emt 0:06:19]} 16. Be2 {[%emt 0:13:42]} Nc4 {[%emt 0:18:09]} 17. Bxc4 {[%emt 0:00:23]} Rxc4 {[%emt 0:00:02]} 18. O-O {[%emt 0:00:22]} Rc5 {[%emt 0:04:38]} 19. Qe3 {[%emt 0:04:41]} Rxd5 {[%emt 0:03:31]} 20. Rxd5 {[%emt 0:02:25]} Qxd5 {[%emt 0:00:07]} 21. a4 {[%emt 0:06:31]} e5 {[%emt 0:10:59]} 22. Qxa7 {[%emt 0:02:25]} O-O {[%emt 0:00:06]} 23. Qb6 {[%emt 0:06:07]} Kg7 {[%emt 0:13:06]} 24. Rc1 {[%emt 0:09:57]} Rf7 {[%emt 0:05:42]} 25. Qc5 {[%emt 0:03:56]} Qa2 {[%emt 0:07:48]} 26. Qc2 {[%emt 0:02:00]} Qa3 {[%emt 0:00:07]} 27. Nd2 {[%emt 0:01:48]} Rd7 {[%emt 0:00:02]} 28. Nc4 {[%emt 0:00:51]} Qb4 {[%emt 0:01:13]} 29. Ne3 {[%emt 0:01:49]} Be4 {[%emt 0:02:22]} 30. Qc8 {[%emt 0:00:29]} Qd2 {[%emt 0:02:16]} 31. a5 {[%emt 0:03:41]} Bf5 {[%emt 0:02:47]} 32. Nxf5+ {[%emt 0:03:49]} gxf5 {[%emt 0:00:01]} 33. h3 {[%emt 0:00:36]} Kh6 {[%emt 0:00:12]} 34. Qf8+ {[%emt 0:04:08]} Kg6 {[%emt 0:00:15]} 35. Rc6 {[%emt 0:02:29]} Rf7 {[%emt 0:00:32]} 36. Qg8+ {[%emt 0:00:57]} Rg7 {[%emt 0:00:02]} 37. Qe8+ {[%emt 0:00:12]} Kg5 {[%emt 0:01:25]} 38. Qf8 {[%emt 0:01:08]} Rg6 {[%emt 0:00:15]} 39. Qa3 {[%emt 0:00:48]} f4 {[%emt 0:00:11]} 40. Qc3 {[%emt 0:00:00]} Qd1+ {[%emt 0:00:00]} 41. Kh2 {[%emt 0:04:39]} e4 {[%emt 0:08:11]} 42. Qc5+ {[%emt 0:04:03]} Kh4 {[%emt 0:04:31]} 43. Rxf6 {[%emt 0:02:09]} Rxf6 {[%emt 0:00:54]} 44. g3+ {[%emt 0:00:08]} fxg3+ {[%emt 0:00:02]} 45. fxg3# {[%emt 0:00:06]} 1-0

[Event "2nd Irena Warakomska Memorial-A"]
[Site "Suwalki"]
[Date "2018.08.03"]
[Round "3"]
[White "Grib, Roman"]
[Black "Zaika, Daniil"]
[Result "1-0"]
[WhiteElo "2431"]
[BlackElo "2213"]
[Annotator "NA RC"]
[PlyCount "83"]
[EventDate "2018.08.01"]
[EventType "swiss"]
[EventCountry "POL"]
[SourceTitle "playchess.com"]
[Source "ChessBase"]
[SourceQuality "1"]
[TimeControl "40/5400+30:1800+30"]

1. e4 {[%emt 0:00:00]} c5 {[%emt 0:00:00]} 2. Nf3 {[%emt 0:00:12]} d6 {[%emt 0:00:05]} 3. c3 {[%emt 0:00:31]} Nf6 {[%emt 0:00:44]} 4. Be2 {[%emt 0:00:22]} g6 {[%emt 0:01:04]} 5. O-O {[%emt 0:00:14]} Bg7 {[%emt 0:00:11]} 6. Bb5+ {[%emt 0:00:19]} Nc6 {[%emt 0:01:19]} 7. d4 {[%emt 0:03:41]} O-O {[%emt 0:02:39]} 8. d5 {[%emt 0:10:37]} Na5 {[%emt 0:02:14]} 9. Nbd2 {[%emt 0:11:48]} a6 {[%emt 0:00:37]} 10. Bd3 {[%emt 0:00:55]} b5 {[%emt 0:03:25]} 11. b4 {[%emt 0:02:24]} cxb4 {[%emt 0:18:34]} 12. cxb4 {[%emt 0:00:06]} Nc4 {[%emt 0:00:04]} 13. Bxc4 {[%emt 0:00:52]} bxc4 {[%emt 0:00:05]} 14. Bb2 {[%emt 0:00:15]} Bd7 {[%emt 0:09:05]} 15. Bc3 {[%emt 0:42:57]} e6 {[%emt 0:07:31]} 16. Rc1 {[%emt 0:10:39]} exd5 {[%emt 0:10:59]} 17. exd5 {[%emt 0:00:03]} Rc8 {[%emt 0:08:16]} 18. a3 {[%emt 0:05:13]} Nxd5 {[%emt 0:12:50]} 19. Bxg7 {[%emt 0:00:06]} Kxg7 {[%emt 0:00:03]} 20. Nxc4 {[%emt 0:00:22]} Nf4 {[%emt 0:01:30]} 21. g3 {[%emt 0:04:54]} d5 {[%emt 0:04:04]} 22. Qd4+ {[%emt 0:00:31]} Qf6 {[%emt 0:00:21]} 23. Qxf6+ {[%emt 0:00:26]} Kxf6 {[%emt 0:00:05]} 24. Nb6 {[%emt 0:00:32]} Ne2+ {[%emt 0:04:34]} 25. Kg2 {[%emt 0:00:04]} Rxc1 {[%emt 0:00:31]} 26. Nxd7+ {[%emt 0:00:30]} Ke7 {[%emt 0:00:07]} 27. Nxf8 {[%emt 0:00:17]} Kxf8 {[%emt 0:00:07]} 28. Rxc1 {[%emt 0:00:12]} Nxc1 {[%emt 0:00:08]} 29. Nd4 {[%emt 0:00:42]} Nd3 {[%emt 0:01:15]} 30. Kf3 {[%emt 0:00:58]} Ne5+ {[%emt 0:02:22]} 31. Kf4 {[%emt 0:02:51]} Nc4 {[%emt 0:00:15]} 32. a4 {[%emt 0:01:01]} Ke7 {[%emt 0:03:31]} 33. Kg5 {[%emt 0:01:11]} Nb6 {[%emt 0:02:34]} 34. a5 {[%emt 0:00:17]} Nd7 {[%emt 0:00:24]} 35. b5 {[%emt 0:00:23]} axb5 {[%emt 0:00:06]} 36. Nxb5 {[%emt 0:00:11]} Nc5 {[%emt 0:01:04]} 37. Kh6 {[%emt 0:00:25]} Kd7 {[%emt 0:00:23]} 38. Kxh7 {[%emt 0:00:28]} Na6 {[%emt 0:02:14]} 39. Kg8 {[%emt 0:01:10]} Kc6 {[%emt 0:00:28]} 40. Nd4+ {[%emt 0:00:05]} Kc5 {[%emt 0:00:00]} 41. Nf3 {[%emt 0:00:17]} f5 {[%emt 0:00:49]} 42. Kf7 {[%emt 0:00:26]} 1-0

[Event "2nd Irena Warakomska Memorial-A"]
[Site "Suwalki"]
[Date "2018.08.03"]
[Round "3"]
[White "Grinev, Valeriy"]
[Black "Fus, Jakub"]
[Result "0-1"]
[WhiteElo "2416"]
[BlackElo "2210"]
[Annotator "TA"]
[PlyCount "120"]
[EventDate "2018.08.01"]
[EventType "swiss"]
[EventCountry "POL"]
[SourceTitle "playchess.com"]
[Source "ChessBase"]
[SourceQuality "1"]

{[%evp 13,120,-6,25,-7,8,2,15,13,16,2,11,0,6,8,18,-15,42,31,46,30,27,20,31,8,0,9,204,204,207,199,216,229,253,239,295,210,277,233,238,235,219,207,211,185,217,209,204,187,183,153,164,156,156,153,158,0,0,0,-34,-112,-121,-116,-113,-106,-103,-147,-125,-168,-143,-150,-147,-148,-140,-119,-131,-236,-236,-427,-426,-397,-397,-387,-375,-861,-861,-820,-818,-776,-736,-674,-1134,-2392,-2350,-2219,-2382,-2381,-2382,-5935,-5544,-29975,-12725,-29978,-29979,-29980,-29980,-29985,-29983,-29982,-29982]} 1. Nf3 Nf6 2. c4 b6 3. g3 Bb7 4. Bg2 g6 5. O-O Bg7 6. Nc3 {A15: Englisch gegen Königs-Fianchetto} (6. d3 O-O 7. e4 c5 8. Nc3 d6 9. h3 Nc6 10. Be3 Nd7 11. Qd2 Re8 12. d4 cxd4 13. Nxd4 Rc8 14. b3 Nc5 15. Rad1 Qd7 16. Kh2 Nb4 17. Nd5 Nc6 18. Nb5 {1-0 (49) Amin,B (2693)-Liang,A (2572) chess.com INT 2018}) 6... O-O 7. Re1 Ne4 {LiveBook: 23 Partien} 8. Na4 $146 {Weiß hat minimalen Vorteil.} ({Vorgänger:} 8. Nxe4 Bxe4 9. d3 Bb7 10. e4 c5 11. d4 cxd4 12. Nxd4 Nc6 13. Be3 Rc8 {½-½ (27) Ali Marandi,C (2536)-Rambaldi,F (2574) Panama City 2017}) 8... Nc5 9. d4 Nxa4 10. Qxa4 Be4 11. Be3 d6 12. Rad1 Qe8 13. Qa3 c5 14. b4 cxd4 (14... cxb4 $1 $11 15. Qxb4 Nc6) 15. Bxd4 $14 Nd7 16. Bxg7 Kxg7 17. Qe3 $36 {[%mdl 2048] Weiss steht aktiver.} Nf6 18. Nd4 Bxg2 19. Kxg2 e5 $2 {[#]} (19... Qd7 $11 {und Schwarz steht sicher.}) 20. Nf5+ $1 $18 {[%mdl 512]} Kh8 (20... gxf5 21. Qg5+) 21. Nxd6 Qe6 22. c5 bxc5 23. bxc5 Kg7 24. Qb3 Qd7 25. Rc1 Rab8 26. Qc3 Qe6 27. Red1 Rfd8 28. Qc4 Qe7 29. Rd2 Rd7 30. Rcd1 Rc7 31. g4 {[%cal Bg3g4,Bg4g5][%mdl 32]} Rf8 {[#]} 32. c6 $1 Rb8 33. g5 Nh5 {[#]} 34. Ne4 $2 (34. Nxf7 $1 $16 Nf4+ 35. Kf3 Qa3+ 36. e3) 34... Rb4 $15 35. Qc2 {Schwarz muss nun Td7 beachten.} Qe6 36. e3 (36. Rd6 $15 Qg4+ 37. Ng3) 36... Rxc6 $17 37. Qd3 Qg4+ 38. Ng3 Qxg5 39. Rc2 Rf6 40. Rc4 Rxc4 41. Qxc4 Nxg3 42. hxg3 $19 {[%mdl 4096] Endspiel KDT-KDT} Qf5 43. Qe2 Qe4+ 44. Kg1 (44. f3 $17 Qb7 45. Rd2) 44... h5 45. Rc1 $2 (45. Qd3 Qf3 46. Rd2) 45... h4 46. gxh4 Qxh4 47. Rc4 {[#]} Rxf2 $1 {[%csl Gf2][%cal Rh4h2][%mdl 512]} 48. Rxh4 $2 (48. Qxf2 Qxc4 49. Qd2) 48... Rxe2 {KT-KT} 49. Ra4 Rxe3 50. Kf2 Rc3 51. Rxa7 g5 (51... Kf6 $142 52. a4 Ra3) 52. a4 Ra3 53. a5 Kg6 54. a6 f5 {[%cal Bf7f5,Bf5f4][%mdl 32]} 55. Ra8 Kh5 56. a7 Kg4 57. Ke2 e4 {Schwarz setzt Matt.} 58. Kd2 f4 59. Ke2 Ra2+ 60. Kd1 Kf3 {Precision: Weiß = 23%, Schwarz = 68%.} 0-1

[Event "2nd Irena Warakomska Memorial-A"]
[Site "Suwalki"]
[Date "2018.08.03"]
[Round "3"]
[White "Cukrowski, Filip"]
[Black "Aleksandrov, Aleksej"]
[Result "0-1"]
[WhiteElo "2404"]
[BlackElo "2585"]
[Annotator "ChessBase"]
[PlyCount "90"]
[EventDate "2018.08.01"]
[EventType "swiss"]
[EventCountry "POL"]
[SourceTitle "playchess.com"]
[Source "ChessBase"]
[SourceQuality "1"]
[TimeControl "40/5400+30:1800+30"]

1. e4 {[%emt 0:01:10]} e5 {[%emt 0:00:10]} 2. Nf3 {[%emt 0:01:09]} Nc6 {[%emt 0:00:05]} 3. Bb5 {[%emt 0:00:06]} a6 {[%emt 0:00:04]} 4. Ba4 {[%emt 0:01:03]} Nf6 {[%emt 0:00:06]} 5. O-O {[%emt 0:00:06]} Be7 {[%emt 0:00:03]} 6. Re1 {[%emt 0:00:21]} b5 {[%emt 0:00:07]} 7. Bb3 {[%emt 0:00:05]} O-O {[%emt 0:00:07]} 8. h3 {[%emt 0:00:06]} d6 {[%emt 0:00:24]} 9. c3 {[%emt 0:00:06]} Nd7 {[%emt 0:02:04]} 10. d4 {[%emt 0:01:53]} Bf6 {[%emt 0:00:08]} 11. Be3 {[%emt 0:04:18]} Ne7 {[%emt 0:05:10]} 12. Nbd2 {[%emt 0:06:47]} c5 {[%emt 0:02:17]} 13. dxe5 {[%emt 0:16:48]} dxe5 {[%emt 0:00:05]} 14. c4 {[%emt 0:00:05]} Qc7 {[%emt 0:16:25]} 15. Nh2 {[%emt 0:17:26]} Nc6 {[%emt 0:05:57]} 16. cxb5 {[%emt 0:00:23]} axb5 {[%emt 0:00:05]} 17. Bd5 {[%emt 0:00:06]} Be7 {[%emt 0:06:30]} 18. Ng4 {[%emt 0:08:53]} Bb7 {[%emt 0:06:12]} 19. a4 {[%emt 0:08:43]} bxa4 {[%emt 0:05:34]} 20. Nc4 {[%emt 0:00:21]} h5 {[%emt 0:01:59]} 21. Nh6+ {[%emt 0:03:57]} gxh6 {[%emt 0:00:10]} 22. Qxh5 {[%emt 0:00:06]} Nf6 {[%emt 0:00:25]} 23. Qxh6 {[%emt 0:08:47]} Nh7 {[%emt 0:16:43]} 24. Qh5 {[%emt 0:07:50]} Nb4 {[%emt 0:16:44]} 25. Bh6 {[%emt 0:02:32]} Bf6 {[%emt 0:00:40]} 26. Bxf8 {[%emt 0:05:32]} Nxf8 {[%emt 0:01:07]} 27. Bxb7 {[%emt 0:02:11]} Qxb7 {[%emt 0:00:06]} 28. Ra3 {[%emt 0:00:13]} Ng6 {[%emt 0:05:59]} 29. Rg3 {[%emt 0:00:24]} Nc2 {[%emt 0:03:00]} 30. Nd6 {[%emt 0:00:59]} Qd7 {[%emt 0:00:08]} 31. Rd1 {[%emt 0:01:23]} Nd4 {[%emt 0:00:39]} 32. Nxf7 {[%emt 0:00:32]} Qxf7 {[%emt 0:00:23]} 33. Rxg6+ {[%emt 0:00:13]} Bg7 {[%emt 0:00:16]} 34. Qg4 {[%emt 0:01:33]} Ra7 {[%emt 0:01:51]} 35. Rd3 {[%emt 0:00:44]} Qf4 {[%emt 0:02:53]} 36. Qxf4 {[%emt 0:00:37]} exf4 {[%emt 0:00:05]} 37. Rb6 {[%emt 0:00:20]} Nb3 {[%emt 0:02:20]} 38. Rdxb3 {[%emt 0:00:25]} axb3 {[%emt 0:00:05]} 39. Rxb3 {[%emt 0:00:03]} Ra2 {[%emt 0:00:14]} 40. Rb8+ {[%emt 0:00:00]} Kh7 {[%emt 0:00:00]} 41. Rb7 {[%emt 0:09:42]} Rxb2 {[%emt 0:01:39]} 42. Rc7 {[%emt 0:00:04]} Rc2 {[%emt 0:00:13]} 43. e5 {[%emt 0:00:16]} Kg6 {[%emt 0:00:22]} 44. e6 {[%emt 0:00:12]} Bd4 {[%emt 0:00:16]} 45. e7 {[%emt 0:01:47]} Kf7 {[%emt 0:01:16]} 0-1

[Event "2nd Irena Warakomska Memorial-A"]
[Site "Suwalki"]
[Date "2018.08.03"]
[Round "3"]
[White "Rahul, Srivatshav P"]
[Black "Stupak, Kirill"]
[Result "1/2-1/2"]
[WhiteElo "2388"]
[BlackElo "2573"]
[Annotator "TA"]
[PlyCount "85"]
[EventDate "2018.08.01"]
[EventType "swiss"]
[EventCountry "POL"]
[SourceTitle "playchess.com"]
[Source "ChessBase"]
[SourceQuality "1"]

{[%evp 20,85,48,58,46,40,48,22,64,60,59,63,76,58,88,48,99,81,67,59,42,0,22,23,97,88,87,98,95,99,113,85,102,72,89,68,88,88,104,85,95,100,130,130,130,122,133,133,139,122,142,120,349,330,395,327,327,327,315,250,234,46,46,46,123,0,18,32]} 1. d4 g6 2. c4 Bg7 3. Nf3 e6 4. g3 Ne7 5. Bg2 d5 6. O-O Nbc6 7. e3 O-O 8. Nc3 dxc4 {A13: English Opening: 1...e6} (8... b6 9. Qe2 Ba6 10. b3 dxc4 11. Ba3 Re8 12. Rac1 Qd7 13. Rfd1 Rad8 14. bxc4 Qc8 15. Nb5 Na5 16. Nd2 {1-0 (42) Shankland,S (2671)-Rakhmanov,A (2635) Havana 2018}) 9. Qa4 e5 10. Nxe5 Nxe5 11. dxe5 {LiveBook: 6 Games} c6 12. f4 Be6 13. Qb4 $146 ({Predecessor:} 13. e4 Qb6+ 14. Kh1 Rad8 15. Nd1 f5 16. Be3 {1-0 (32) Pridorozhni,A (2515)-Bezgodov,A (2475) Khanty-Mansiysk 2009}) 13... Qc7 14. e4 Rfd8 15. Be3 b6 16. Rad1 Bf8 {aiming for ...Nf5.} 17. Qa4 h5 ({Better is} 17... Rd3 $14 18. Rfe1 b5) 18. h3 Rd3 19. Rxd3 cxd3 20. Rd1 Rd8 21. Bf1 a5 (21... b5 $11 22. Qa6 Nc8) 22. Rd2 $16 c5 23. Rxd3 Rxd3 24. Bxd3 Bxh3 25. Nd5 Qd8 26. Bc4 Nxd5 27. exd5 {[%cal Be4d5,Bd5d6][%mdl 32]} Bd7 28. Qc2 b5 29. Bd3 c4 30. Be4 $1 Qc8 31. d6 $1 Be6 32. a3 b4 33. axb4 axb4 34. Qa4 b3 {next ...c3 is good for Black.} 35. Bd4 h4 $2 (35... Bh3 $16) 36. Qc6 ({And not} 36. gxh4 Qd8 $11) 36... Qb8 37. Qb7 Qxb7 38. Bxb7 hxg3 $18 {KBB-KBB} 39. Kg2 f6 {[#]} 40. Kxg3 $2 (40. d7 $1 $18 {[%cal Rd7d8]} Bxd7 41. Bd5+ Kh7 42. exf6 (42. Bxc4 g5 $16)) 40... fxe5 $14 41. fxe5 {And now Kh4 would win.} Bh6 {[#]} 42. Kf2 (42. Bc3 $1 $16) 42... Kf7 43. Bc3 {Precision: White = 53%, Black = 52%.} 1/2-1/2

[Event "2nd Irena Warakomska Memorial-A"]
[Site "Suwalki"]
[Date "2018.08.03"]
[Round "3"]
[White "Kosakowski, Jakub"]
[Black "Ulybin, Mikhail"]
[Result "1-0"]
[WhiteElo "2361"]
[BlackElo "2512"]
[Annotator "ChessBase"]
[PlyCount "71"]
[EventDate "2018.08.01"]
[EventType "swiss"]
[EventCountry "POL"]
[SourceTitle "playchess.com"]
[Source "ChessBase"]
[SourceQuality "1"]
[TimeControl "40/5400+30:1800+30"]

1. e4 {[%emt 0:00:00]} e6 {[%emt 0:05:17]} 2. d4 {[%emt 0:00:00]} d5 {[%emt 0:00:50]} 3. Nd2 {[%emt 0:00:00]} c5 {[%emt 0:03:11]} 4. exd5 {[%emt 0:00:31]} exd5 {[%emt 0:01:34]} 5. Ngf3 {[%emt 0:00:10]} Nf6 {[%emt 0:02:34]} 6. Bb5+ {[%emt 0:00:14]} Bd7 {[%emt 0:01:01]} 7. Bxd7+ {[%emt 0:00:11]} Nbxd7 {[%emt 0:00:41]} 8. O-O {[%emt 0:00:15]} Be7 {[%emt 0:01:32]} 9. dxc5 {[%emt 0:00:14]} Nxc5 {[%emt 0:00:53]} 10. Nd4 {[%emt 0:00:10]} Qd7 {[%emt 0:03:48]} 11. N2f3 {[%emt 0:03:12]} O-O {[%emt 0:03:03]} 12. Bf4 {[%emt 0:14:19]} Rfe8 {[%emt 0:06:22]} 13. c3 {[%emt 0:03:57]} Rac8 {[%emt 0:20:23]} 14. Re1 {[%emt 0:02:28]} b5 {[%emt 0:07:13]} 15. Ne5 {[%emt 0:08:51]} Qb7 {[%emt 0:00:44]} 16. Qf3 {[%emt 0:00:24]} Nce4 {[%emt 0:08:19]} 17. Nf5 {[%emt 0:18:01]} Bc5 {[%emt 0:13:59]} 18. Nd3 {[%emt 0:01:34]} Bb6 {[%emt 0:01:55]} 19. Re2 {[%emt 0:01:56]} Re6 {[%emt 0:07:43]} 20. Rae1 {[%emt 0:06:30]} Rce8 {[%emt 0:02:47]} 21. Be3 {[%emt 0:05:20]} Bc7 {[%emt 0:05:09]} 22. g3 {[%emt 0:03:50]} a5 {[%emt 0:00:55]} 23. Nc5 {[%emt 0:03:25]} Nxc5 {[%emt 0:00:19]} 24. Bxc5 {[%emt 0:00:05]} Ne4 {[%emt 0:01:06]} 25. Bd4 {[%emt 0:00:16]} Be5 {[%emt 0:00:29]} 26. Bxe5 {[%emt 0:01:18]} Rxe5 {[%emt 0:00:06]} 27. Nd6 {[%emt 0:00:36]} Qd7 {[%emt 0:01:02]} 28. Nxe8 {[%emt 0:00:06]} Rxe8 {[%emt 0:00:31]} 29. Qd3 {[%emt 0:00:19]} Rd8 {[%emt 0:00:25]} 30. f3 {[%emt 0:00:15]} Nf6 {[%emt 0:00:28]} 31. Re7 {[%emt 0:00:22]} Qc6 {[%emt 0:00:05]} 32. Qd4 {[%emt 0:00:29]} h6 {[%emt 0:00:33]} 33. Ra7 {[%emt 0:01:37]} a4 {[%emt 0:00:43]} 34. Ree7 {[%emt 0:00:19]} Nd7 {[%emt 0:00:19]} 35. Kg2 {[%emt 0:00:40]} Qd6 {[%emt 0:00:46]} 36. Qe3 {[%emt 0:00:14]} 1-0

[Event "2nd Irena Warakomska Memorial-A"]
[Site "Suwalki"]
[Date "2018.08.03"]
[Round "3"]
[White "Schippers, Maurice"]
[Black "Budrewicz, Krzysztof"]
[Result "1/2-1/2"]
[WhiteElo "2303"]
[BlackElo "2203"]
[Annotator "NA"]
[PlyCount "199"]
[EventDate "2018.08.01"]
[EventType "swiss"]
[EventCountry "POL"]
[SourceTitle "playchess.com"]
[Source "ChessBase"]
[SourceQuality "1"]
[TimeControl "40/5400+30:1800+30"]

1. e4 {[%emt 0:00:00]} g6 {[%emt 0:00:00]} 2. d4 {[%emt 0:00:03]} Bg7 {[%emt 0:00:00]} 3. Nc3 {[%emt 0:00:35]} d6 {[%emt 0:00:30]} 4. g3 {[%emt 0:02:40]} Nf6 {[%emt 0:04:24]} 5. Bg2 {[%emt 0:00:09]} O-O {[%emt 0:00:16]} 6. Nf3 {[%emt 0:01:32]} Bg4 {[%emt 0:02:36]} 7. O-O {[%emt 0:04:07] B07: Pirc Defence: Miscellaneous Systems} Nc6 {[%emt 0:03:33]} 8. h3 Bxf3 {[%emt 0:02:14]} 9. Bxf3 {[%emt 0:05:04]} e5 {[%emt 0:00:38]} 10. d5 {[%emt 0:03:25]} Nd4 {[%emt 0:02:18]} (10... Ne7 11. Bg2 Nd7 12. Ne2 f5 13. f3 Nf6 14. Be3 c5 15. c4 {0-1 (51) Faibisovich,V (2325)-Milov,V (2589) Basel 2018}) 11. Bg2 {[%emt 0:02:35]} Ne8 $146 {[%emt 0:02:46]} ({Predecessor:} 11... c6 12. Nb1 cxd5 13. c3 Ne6 14. exd5 Nc7 {1-0 (40) Rijnaarts,S (2302)-Konings,F (2280) Netherlands 2012}) 12. Nb1 {[%emt 0:06:17]} c6 {[%emt 0:00:28]} 13. a4 {[%emt 0:06:01]} cxd5 {[%emt 0:00:34]} 14. exd5 {[%emt 0:01:14]} Nf5 {[%emt 0:01:34]} 15. Nd2 {[%emt 0:02:49]} Ne7 {[%emt 0:07:56]} 16. a5 {[%emt 0:08:45]} f5 {[%emt 0:06:45]} 17. c4 {[%emt 0:02:40]} Rc8 {[%emt 0:08:34]} 18. Ra4 {[%emt 0:05:08]} Nf6 {[%emt 0:02:09]} 19. Qb3 {[%emt 0:02:25]} Nd7 {[%emt 0:00:50]} 20. Qa2 {[%emt 0:09:13]} Nc5 {[%emt 0:00:44]} 21. Ra3 {[%emt 0:00:18]} e4 {[%emt 0:03:03]} 22. b4 {[%emt 0:04:57]} Nd3 {[%emt 0:00:18]} 23. Rxd3 {[%emt 0:04:13]} exd3 {[%emt 0:00:05]} 24. Nf3 {[%emt 0:03:13]} b6 {[%emt 0:04:10]} 25. axb6 {[%emt 0:06:07]} axb6 {[%emt 0:00:43]} 26. Be3 {[%emt 0:02:11]} f4 {[%emt 0:05:07]} 27. Bxf4 {[%emt 0:02:53]} h6 {[%emt 0:00:05]} 28. h4 {[%emt 0:01:33]} Nf5 {[%emt 0:00:56]} 29. Qb3 {[%emt 0:01:59]} Qf6 {[%emt 0:02:47]} 30. Qxd3 {[%emt 0:03:29]} Qc3 {[%emt 0:01:42]} 31. Qb1 {[%emt 0:02:42]} Rxc4 {[%emt 0:00:42]} 32. Bd2 {[%emt 0:02:17]} Qc2 {[%emt 0:00:25]} 33. Qxc2 {[%emt 0:01:48]} Rxc2 {[%emt 0:00:06]} 34. Rd1 {[%emt 0:01:28]} Nd4 {[%emt 0:01:38]} 35. Ne1 {[%emt 0:01:05]} Ra2 {[%emt 0:01:19]} 36. Be3 {[%emt 0:00:46]} Ne2+ {[%emt 0:00:34]} 37. Kh2 {[%emt 0:00:23]} b5 {[%emt 0:00:46]} 38. Bh3 {[%emt 0:01:34]} Ra1 {[%emt 0:07:37]} 39. Rxa1 {[%emt 0:01:11]} Bxa1 {[%emt 0:00:05]} 40. Bf1 {[%emt 0:00:00]} Bd4 {[%emt 0:00:00]} 41. Bxe2 {[%emt 0:10:38]} Bxe3 {[%emt 0:02:12]} 42. Bxb5 {[%emt 0:00:42]} Rxf2+ {[%emt 0:02:01]} 43. Kh3 {[%emt 0:01:15]} Kg7 {[%emt 0:00:28]} 44. Nd3 {[%emt 0:02:23]} Rd2 {[%emt 0:00:23]} 45. Kg4 {[%emt 0:01:14]} Kf6 {[%emt 0:01:21]} 46. Kf3 {[%emt 0:02:06]} Bd4 {[%emt 0:00:42]} 47. Ba6 {[%emt 0:00:47]} Ra2 {[%emt 0:03:38]} 48. Bc4 {[%emt 0:01:09]} Ra3 {[%emt 0:03:33]} 49. g4 {[%emt 0:04:09]} Bb6 {[%emt 0:01:41]} 50. Bb5 {[%emt 0:01:55]} Ra1 {[%emt 0:02:18]} 51. Be8 {[%emt 0:01:09]} Ra7 {[%emt 0:01:25]} 52. Kf4 {[%emt 0:04:01]} g5+ {[%emt 0:00:26]} 53. hxg5+ {[%emt 0:00:13]} hxg5+ {[%emt 0:00:02]} 54. Kf3 {[%emt 0:00:30]} Re7 {[%emt 0:00:44]} 55. Bb5 {[%emt 0:00:05]} Re3+ {[%emt 0:00:05]} 56. Kg2 {[%emt 0:00:05]} Ke7 {[%emt 0:00:24]} 57. Ba6 {[%emt 0:02:10]} Kd8 {[%emt 0:00:50]} 58. Bb5 {[%emt 0:01:41]} Kc7 {[%emt 0:00:23]} 59. Ba6 {[%emt 0:02:36]} Bd4 {[%emt 0:00:08]} 60. Nc1 {[%emt 0:00:12]} Be5 {[%emt 0:01:20]} 61. Kf2 {[%emt 0:01:56]} Re4 {[%emt 0:00:43]} 62. Be2 {[%emt 0:00:04]} Rxb4 {[%emt 0:00:20]} 63. Bf3 {[%emt 0:00:13]} Rb2+ {[%emt 0:01:11]} 64. Ne2 {[%emt 0:00:12]} Kb6 {[%emt 0:00:15]} 65. Be4 {[%emt 0:00:37]} Kc5 {[%emt 0:00:11]} 66. Kf3 {[%emt 0:01:05]} Kc4 {[%emt 0:00:19]} 67. Nc1 {[%emt 0:00:37]} Kd4 {[%emt 0:00:34]} 68. Bh7 {[%emt 0:00:51]} Kxd5 {[%emt 0:00:52]} 69. Nd3 {[%emt 0:00:05]} Rb8 {[%emt 0:00:38]} 70. Ke3 {[%emt 0:00:15]} Bd4+ {[%emt 0:01:47]} 71. Kf3 {[%emt 0:00:21]} Rf8+ {[%emt 0:00:41]} 72. Kg2 {[%emt 0:00:16]} Bc5 {[%emt 0:00:13]} 73. Ne1 {[%emt 0:00:36]} Ke5 {[%emt 0:00:53]} 74. Bf5 {[%emt 0:00:45]} Kf4 {[%emt 0:00:15]} 75. Nd3+ {[%emt 0:00:16]} Ke3 {[%emt 0:00:07]} 76. Nf2 {[%emt 0:00:29]} Rb8 {[%emt 0:00:19]} 77. Nh3 {[%emt 0:00:18]} Rg8 {[%emt 0:00:30]} 78. Be6 {[%emt 0:00:24]} Rg7 {[%emt 0:00:08]} 79. Ng1 {[%emt 0:00:27]} Bd4 {[%emt 0:00:23]} 80. Bd5 {[%emt 0:00:30]} Be5 {[%emt 0:00:10]} 81. Be6 {[%emt 0:00:26]} Bf4 {[%emt 0:00:08]} 82. Nf3 {[%emt 0:00:12]} Rb7 {[%emt 0:00:16]} 83. Kh3 {[%emt 0:01:13]} Rb2 {[%emt 0:00:43]} 84. Bd5 {[%emt 0:00:03]} Rf2 {[%emt 0:00:10]} 85. Bb7 {[%emt 0:00:04]} Rxf3+ {[%emt 0:00:07]} 86. Bxf3 {[%emt 0:00:05]} Kd4 {[%emt 0:02:49]} 87. Kg2 {[%emt 0:00:15]} d5 {[%emt 0:00:20]} 88. Kf2 {[%emt 0:00:36]} Bc1 {[%emt 0:00:52]} 89. Ke2 {[%emt 0:00:19]} Ba3 {[%emt 0:00:19]} 90. Kd2 $15 {[%emt 0:01:03]} Bb4+ {[%emt 0:00:31]} 91. Kc2 {[%emt 0:00:14]} Ba5 {[%emt 0:00:15]} 92. Bg2 {[%emt 0:00:20]} Bd8 {[%emt 0:01:49]} 93. Bf3 {[%emt 0:00:11]} Bf6 {[%emt 0:00:14]} 94. Bg2 {[%emt 0:00:10]} Kc4 {[%emt 0:00:20]} 95. Bf1+ {[%emt 0:00:07]} Kd4 {[%emt 0:00:06]} 96. Bg2 {[%emt 0:00:04]} Bg7 {[%emt 0:00:34]} 97. Bf3 {[%emt 0:00:07]} Ke5 {[%emt 0:00:25]} 98. Kd3 {[%emt 0:00:05]} d4 {[%emt 0:00:03]} 99. Be4 {[%emt 0:00:17]} Kf4 {[%emt 0:00:03]} 100. Bf5 {[%emt 0:00:04]} 1/2-1/2